| 000 | 00477nam a22001697a 4500 | ||
|---|---|---|---|
| 005 | 20251108170830.0 | ||
| 008 | 250721s1998 xx 000 0 ara d | ||
| 082 | 1 | 4 | _aط/ق/بجي |
| 100 | 1 | _aالبجيرمي، سامي | |
| 245 | 1 | 0 | _aمع اليآك في بلاد التبت / |
| 264 | 1 |
_aالقاهرة : _bدار الرشاد، _c1998. |
|
| 300 | _a15ص | ||
| 490 | 0 | _aادب الاطفال | |
| 650 | 1 | 7 | _aادب الاطفال |
| 942 |
_2ddc _cBK |
||
| 999 |
_c50048 _d50048 |
||